| 000 -ლიდერი |
| ფიქსირებული სიგრძის საკონტროლო ველი |
01327nam a22002297a 4500 |
| 003 - საკონტროლო ნომრის იდენტიფიკატორი |
| საკონტროლო ველი |
Ge_BSU |
| 005 - ბოლო ოპერაციის თარიღი და დრო |
| საკონტროლო ველი |
20240618112726.0 |
| 008 - ფიქსირებული სიგრძის მონაცემთა ელემენტები - ზოგადი ინფორმაცია |
| ფიქსირებული სიგრძის საკონტროლო ველი |
240618s1971 ge ||||| |||| 00| 0 geo d |
| 041 ## - ენის კოდი |
| Language code of text/sound track or separate title |
geo |
| 080 ## - უნივერსალური ათობითი კლასიფიკაციის ინდექსი |
| Universal Decimal Classification number |
615.83(075.8) ფ-30 |
| 100 ## - მთავარი ჩანაწერი - პიროვნების სახელი |
| Personal name |
ფარჯანაძე, შალვა |
| 9 (RLIN) |
22469 |
| 245 ## - ცნობა სათაურის შესახებ |
| Title |
ფიზიოთერაპია და საექიმო ფიზკულტურა : |
| Remainder of title |
სახელმძღვ. სამედიცინო სასწავლებლებისათვის / |
| Statement of responsibility, etc |
შალვა ფარჯანაძე, რომანოზ სვანიშვილი. |
| 250 ## - გამოცემის ცნობა |
| Edition statement |
მე-2 შევსებ. და გადამუშ. გამოც. |
| 264 ## - წარმოების, გამოცემის, დისტრიბუციის და სხვა ცნობები |
| გამოცემის, წარმოების, დისტრიბუციის... ადგილი |
თბილისი : |
| გამოცემის, წარმოების, დისტრიბუციის... სახელწოდება |
განათლება, |
| გამოცემის, წარმოების, დისტრიბუციის... თარიღი |
1971. |
| 300 ## - ფიზიკური აღწერა |
| Extent |
246 გვ. : |
| Other physical details |
ილ. ; |
| Dimensions |
23 სმ |
| 653 ## - INDEX TERM--UNCONTROLLED |
| Uncontrolled term |
ფიზიოთერაპია |
| 653 ## - INDEX TERM--UNCONTROLLED |
| Uncontrolled term |
საექიმო ფიზკულტურა |
| 700 ## - ADDED ENTRY--PERSONAL NAME |
| Personal name |
სვანიშვილი, რომანოზ |
| Relator term |
ავტორი |
| 9 (RLIN) |
22470 |
| 700 ## - ADDED ENTRY--PERSONAL NAME |
| Personal name |
ბაგრატიონი, ვლ. |
| Relator term |
რედაქტორი |
| 9 (RLIN) |
22471 |
| 856 ## - ELECTRONIC LOCATION AND ACCESS |
| Uniform Resource Identifier |
https://dspace.nplg.gov.ge/bitstream/1234/496500/1/FizioterapiaDaSaeqimoFizkultura_1971.pdf |
| Link text |
ელ. ვერსია |
| 942 ## - ADDED ENTRY ELEMENTS (KOHA) |
| Source of classification or shelving scheme |
|
| Koha item type |
წიგნი |